[Event "IRI-ch U14"]
[Site "Chess.com INT"]
[Date "2021.01.16"]
[Round "9"]
[White "Mashhadi Merdasi, Mohammad Mahdi"]
[Black "Adibfar, Mohamad Ilia"]
[Result "0-1"]
[WhiteElo "1224"]
[BlackElo "1113"]
[PlyCount "22"]
[EventDate "2021.01.16"]
[EventType "swiss"]
[EventRounds "11"]
[EventCountry "IRI"]
[SourceTitle "EXT 2022"]
[Source "ChessBase"]
[SourceDate "2021.10.06"]
[SourceVersion "1"]
[SourceVersionDate "2021.10.06"]
[SourceQuality "1"]

1. e4 c5 2. Nf3 Nc6 3. d4 cxd4 4. Nxd4 g6 5. Nc3 Bg7 6. Be3 d6 7. Be2 Nf6 8. 0-0 0-0 9. Qd2 Ng4 10. f4 Nxe3 11. Qxe3 Bxd4 0-1